000 01060nam a2200241 a 4500
001 000033592
003 DO-SdBNP
005 20220921142317.0
007 ta
008 110901s1951 dr c 000 0 spa d
040 _aDO-SdBNP
_bspa
_cBNPHU
082 _axxxx
_bA282S
100 _aAguiar, Mercedes Laura
_959084
245 1 0 _aLabor educadora de Salomé Ureña de Henríquez /
_cMercedes Laura Aguiar ; presentación Urania Montás
260 _aCiudad Trujillo, República Dominicana :
_bEscuela Normal de Señoritas Salomé Ureña :,
_c1951.
_fEditora del Caribe
300 _a45 p. ;
_bretrs.
_c24 cm.
500 _aDisertación leída por la profesora señorita Mercedes Laura Aguiar, en la semana de actos celebrados en la escuela normal de señoritas "Salomé Ureña", para conmemorar el centésimo aniversario del nacimiento de la ilustre poetisa educadora.
500 _aDedicado por la autora a Julio Ortega Frier.
590 _aInventariado, 2022/ YL
700 1 2 _aMontás, Urania
_epres.
_982412
910 _aYLockward
942 _2ddc
_cLF2
999 _c33083
_d33083